Представление документа в формате MARC21

Поле Инд. ПП Название Значение
Тип записи a
Библиографический уровень m
001 Контрольный номер RU/IS/BASE/296734821
005 Дата корректировки 20140703175128.2
020 a ISBN 5-9697-0214-5
040 a Служба первич. каталог. НБ ТвГУ
b Код языка каталог. rus
e Правила каталог. PSBO
041 0_ a Код языка текста rus
080 a Индекс УДК 821.161.1-2
084 a Индекс другой классификации/Индекс ББК Ш6(2=411.2)6-6
090 a Полочн. индекс Ш6(2=411.2)
x Авторский знак П 37
100 1_ a Автор Платонов Андрей Платонович
d Дата 1899-1951
q Полное имя Платонов А.
245 10 a Заглавие Ноев ковчег
b Продолж. заглавия драматургия
c Ответственность [сост. А. Мартыненко ; отв. ред. Е. Шубина ; предисл. А. Битова ; худож. Н. Попова]
260 a Место издания Москва
b Издательство Вагриус
c Дата издания 2006
300 a Объем 461, [2] с.
b Иллюстрации/ тип воспроизводства ил.
653 a Ключевые слова Художественная
700 a Другие авторы Мартыненко Антон
e Роль лиц сост.
700 1_ a Другие авторы Шубина Елена
e Роль лиц отв. ред.
700 1_ a Другие авторы Битов Андрей
e Роль лиц предисл.
920 a Оператор Густ
930 a Новая/Ретро художественная
952 c Вид литературы К рх
954 a Дата поступления на обработку 20090603